| 000 | 00729nam a22002177a 4500 | ||
|---|---|---|---|
| 003 | URS | ||
| 005 | 20251002093057.0 | ||
| 008 | 250924b |||||||| |||| 00| 0 eng d | ||
| 020 | _a978-971-9655-50-3 | ||
| 040 |
_aDLC _bDLC _cDLC _dURS |
||
| 082 |
_a796.346 _bB87 2023 |
||
| 100 | _aMedina - Bulatao, Mary Grace | ||
| 245 |
_aPhysical Activity towards Health and Fitness ( PATH - FIT 4 Sports ): _cMary Grace Medina - Bulatao _bIndividual/Dual and Team Sports |
||
| 260 |
_aManila: _bMindshapers Co., _c2023 |
||
| 300 |
_avii, 208 pages: _bill; _c23 cm |
||
| 504 | _aIncludes bibliography | ||
| 648 | _a1: Athletic & Outdoor Sports & Games. | ||
| 700 | _aNavalta, Ronda L. | ||
| 700 | _aTaguba, Jayvin M. | ||
| 942 |
_2ddc _cF |
||
| 999 |
_c86921 _d86919 |
||